00662nam a2200217 a 450000100060000000300080000600500170001400800410003103500190007204000370009104100080012808200240013610000450016024500540020526000420025930000290030149000310033050400360036165000160039783000310041373702BD-RjUL20211209082432.0170607s1961 nyua b 001 0 eng  a(BD-RjUL)73920 aDLCcDLCdDLCdICUdBD-RjULbeng aeng00223a597.8bCOL 19611 aCochran, Doris M.q(Doris Mabel),d1898-10aLiving amphibians of the world /cDoris M Cochran aGarden City, N.Y. :bDoubleday,c1961 a199 p. :bill. ;c29 cm.0 aThe World of nature series aIncludes Bibliography and index 0aAmphibians. aThe World of nature series